<?xml version="1.0" encoding="UTF-8"?><?xml-stylesheet type="text/xsl" href="static/style.xsl"?><OAI-PMH xmlns="http://www.openarchives.org/OAI/2.0/" xmlns:xsi="http://www.w3.org/2001/XMLSchema-instance" xsi:schemaLocation="http://www.openarchives.org/OAI/2.0/ http://www.openarchives.org/OAI/2.0/OAI-PMH.xsd"><responseDate>2026-04-18T01:47:23Z</responseDate><request verb="GetRecord" identifier="oai:www.recercat.cat:10256/17791" metadataPrefix="marc">https://recercat.cat/oai/request</request><GetRecord><record><header><identifier>oai:recercat.cat:10256/17791</identifier><datestamp>2024-06-14T09:44:35Z</datestamp><setSpec>com_2072_452955</setSpec><setSpec>com_2072_2054</setSpec><setSpec>col_2072_453064</setSpec></header><metadata><record xmlns="http://www.loc.gov/MARC21/slim" xmlns:dcterms="http://purl.org/dc/terms/" xmlns:xsi="http://www.w3.org/2001/XMLSchema-instance" xmlns:doc="http://www.lyncode.com/xoai" xsi:schemaLocation="http://www.loc.gov/MARC21/slim http://www.loc.gov/standards/marcxml/schema/MARC21slim.xsd">
   <leader>00925njm 22002777a 4500</leader>
   <datafield ind2=" " ind1=" " tag="042">
      <subfield code="a">dc</subfield>
   </datafield>
   <datafield ind2=" " ind1=" " tag="720">
      <subfield code="a">Lobina, Matteo</subfield>
      <subfield code="e">author</subfield>
   </datafield>
   <datafield ind2=" " ind1=" " tag="260">
      <subfield code="c">2017</subfield>
   </datafield>
   <datafield ind2=" " ind1=" " tag="520">
      <subfield code="a">Spanish Generation X writers manipulate the speed of the present and the dialogue between literature and reality. It is a movement filled with violence, brands and hyperreality, and it is often misread as a men’s movement. This paper explores the ironic introduction of the reality show language inside the novel by Gabriela Bustelo and Lucía Etxebarria’s metafictional games, challenge gender roles and the construction of female identity, an identity filtered by technology. This virtual identity reflects a desire to create a literary space where reality is set through fiction</subfield>
   </datafield>
   <datafield ind2=" " ind1=" " tag="520">
      <subfield code="a">Gli autori della Generación X spagnola manipolano la velocità del presente,&#xd;
il dialogo tra letteratura e realtà. Un fenomeno caricato di violenza, brand e&#xd;
iperrealtà spesso letto, erroneamente, come prettamente maschile. Gabriela&#xd;
Bustelo, con l’intromissione ironica del reality nel romanzo e Lucía Etxebarria&#xd;
con i suoi giochi metanarrativi, sfidano i ruoli di genere nella costruzione di&#xd;
un’identità femminile filtrata dalla tecnologia. Un'identità virtuale, un’idea di&#xd;
letteratura che riflette il desiderio di uno spazio letterario; uno spazio dove&#xd;
riconfigurare, attraverso la fiction, la realtà</subfield>
   </datafield>
   <datafield ind1="8" ind2=" " tag="024">
      <subfield code="a">http://hdl.handle.net/10256/17791</subfield>
   </datafield>
   <datafield tag="653" ind2=" " ind1=" ">
      <subfield code="a">Generació X -- Espanya</subfield>
   </datafield>
   <datafield tag="653" ind2=" " ind1=" ">
      <subfield code="a">Generation X -- Spain</subfield>
   </datafield>
   <datafield tag="653" ind2=" " ind1=" ">
      <subfield code="a">Identitat sexual</subfield>
   </datafield>
   <datafield tag="653" ind2=" " ind1=" ">
      <subfield code="a">Gender identity</subfield>
   </datafield>
   <datafield ind2="0" ind1="0" tag="245">
      <subfield code="a">Género y Generación X. L’identità femminile nella Generazione X spagnola</subfield>
   </datafield>
</record></metadata></record></GetRecord></OAI-PMH>